000 005100000a22001810004500
003 MACL
005 20160313125805.0
008 160313b xxu||||| |||| 00| 0 eng d
040 _aMACL
_cMACL
041 _aHindi
082 _a910
100 _aसागर मुनि कान्ति
_945753
245 _aखोजकी पगडंडियॉ
260 _bभारतीय ज्ञानमीठ
_c1953
_aकाशी
350 _a4
650 _aTravel
_945754
942 _cHIN
_k910
_2ddc
999 _c25463
_d25463